Record Label Logos Quiz Stats

 Plays Quiz Updated May 16, 2018

Also try: Beck Albums
Challenge
Share
Tweet
Score 0/25 Timer 04:00
0 Plays Today
Number Label % Correct
2Apple Records
83.7%
23Island Records
40.4%
22Geffen Records
36.5%
14Atlantic Records
33.9%
10Trojan Records
31.9%
9Death Row Records
27.4%
12CBS Records
25.9%
8Motown
25%
7Interscope Records
22.7%
16Bad Boy Records
15.8%
18Reprise Records
15.4%
25Ruff Ryders Entertainment
13.7%
6Parlophone
11.8%
Number Label % Correct
3Elektra Records
11.7%
19Epic Records
11.2%
13Polydor Records
10%
20K-tel
9.9%
11Factory Records
9.7%
5Sire Records
8.7%
4Tommy Boy Entertainment
7.8%
24Stax Records
6.4%
1East West Records
6.2%
17RSO Records
5.5%
21Warp Records
3%
15Mute Records
2.6%

You're not logged in!

Compare scores with friends on all Sporcle quizzes.
Join for Free
OR
Log In

You Might Also Like...

Show Comments

Extras

Top Quizzes Today


Score Distribution

Your Account Isn't Verified!

In order to create a playlist on Sporcle, you need to verify the email address you used during registration. Go to your Sporcle Settings to finish the process.

Report this User

Report this user for behavior that violates our Community Guidelines.

Details: